000 03085nkm0a2200529 4500
001 RU\NLR\BIBL_A\012502015
005 20220328175314.0
035 _a(NLR Aleph) 012502015
090 _a13537939
_c13537939
100 _a20210412d1917 y0rusy50 ca
101 0 _arus
102 _aRU
116 _adiybxx zz ae
135 _acrcn 024anaba
181 0 _ab4
_bxb2e
182 0 _an
200 1 _aСамара
_iВокзал жел. дор.
_bИзоматериал
_eпочтовая карточка
203 _aИзображение
_bнеподвижное
_bдвухмерное
_bвизуальное
_cнепосредственное
210 _a[Москва]
_cизд. Контрагентства А.С. Суворина и Ко.
_d1917
_eМосква
_gФототипия Шерер, Набгольц и Ко.
215 _a1 л.
_cфототип.
_d8,4х13,4
309 _aОткрытка на перфорации
316 _aЭкз. РНБ на шифре Э ОТ63/К895, Э046704: на адрес. стороне владел. штемпель: "Собрание Н.С. Тагрина, Март, 1929 года"
_5NLR: Э ОТ63/К895
325 _aКопия доступна в Электрон. б-ке РНБ
532 1 2 _aСамара. Вокзал железной дороги
606 1 _aПочтовые открытки маркированные художественные
_yРоссия
_z1895 - 1917
_2nlr_sh2
_3RU\NLR\AUTH\6601555036
606 1 _aФотографические открытки
_2nlr_sh2
_3RU\NLR\AUTH\661600135
606 1 _aВокзалы (ж.-д.)
_jОткрытки
_2nlr_sh1
_3RU\NLR\AUTH\661250786
607 _aСамара, город
_jОткрытки
_2nlr_sh1
_2nlr_sh2
_3RU\NLR\AUTH\66184233
610 1 _aВидовые открытки
617 _aРоссия
_cСамарская губерния
_cСамарский уезд
_dСамара, город
_eЖелезнодорожный вокзал
686 0 _aЩ153(2Р=Рус)53-489
702 1 _aТагрин
_bН. С.
_f1907-1981
_gНиколай Спиридонович
_5NLR: Э ОТ63/К895, Э046704
_3RU\NLR\AUTH\770134354
_4390
711 0 2 _aСамарский железнодорожный вокзал
_3RU\NLR\AUTH\880561180
712 0 0 _aСуворин,
_gА. С.,
_hконтрагентство
_cМосква
_3RU\NLR\AUTH\885228
_4650
712 0 2 _a"Шерер, Набгольц и К°", фототипия
_cМосква
_3RU\NLR\AUTH\8810134434
_4610
852 0 0 _aNLR
_bЭ
_jОТ63/К895
_mЭ046704
856 0 _uhttps://vivaldi.nlr.ru/lo700000194/view
856 1 _uhttps://vivaldi.nlr.ru/lo700000194/cover
856 2 _uhttps://vivaldi.nlr.ru/lo700000194/text
942 _cVISUAL
980 _aNB
981 1 7 _a(17) Изографические материалы
_b(17) Открытки